000 00922nam a22001935i 4500
001 162427
003 ES-MaACL
005 20251114063123.0
008 990325s1877 po |||| | por d
100 1 _aHorta, José Maria da Ponte e,
_d1824-1892
_9154454
245 1 0 _aUltramar
_b: theorias na metropole, práticas na África : terceira conferência /
_cJosé Maria da Ponte Horta.
260 _aLisboa :
_b[s.n.],
_c1877 (
_fTyp. da Academia)
300 _aP. 136-161 ;
_c24 cm.
595 _aSeparata de: Conferências celebradas na Academia Real das Sciencias de Lisboa ácerca dos descobrimentos e colonizações dos portugueses na África, terceria conferencia.
651 4 _aPortugal-
_xColonias-
_zÁfrica.
_99250
710 2 _aAcademia das Ciências de Lisboa.
_91159
852 _aES-MaACL
_jT-246-F-7
_z- Enc. hol., falto de cub. original
_z- Enc. en un vol. facticio
999 _c162427
_d162427